| 000 | 00635nam a2200241Ia 4500 | ||
|---|---|---|---|
| 003 | OSt | ||
| 005 | 20220918223942.0 | ||
| 006 | a|||||r|||| 00| 0 | ||
| 007 | ta | ||
| 008 | 220917b |||||||| |||| 00| 0 eng d | ||
| 024 | _a225,896 | ||
| 037 | _cTextual | ||
| 040 |
_aARTS _cARTS _beng |
||
| 041 |
_2eng _aeng |
||
| 082 | _a/\4-6, P2(RD) | ||
| 100 |
_aSuzuki D.T. _924395 |
||
| 245 | 0 |
_aMysticism _b Christian and Buddhist |
|
| 260 |
_aLondon _bRoutledge Classics _c2002 |
||
| 300 |
_avii, 200p. _ccm. |
||
| 650 | _aSPIRITUALISM | ||
| 942 |
_h/\4-6, P2(RD) _cTEXL _2CC |
||
| 999 |
_c279819 _d279819 |
||